Guess the Coaster Manufacturer From There Tallest Coaster - Statistics

General Stats
  • This quiz has been taken 35 times
  • The average score is 16 of 20
Answer Stats
Hint Answer % Correct
Fury 325 B&M
100%
Kingda Ka Intamin
97%
Iron Gwazi RMC
97%
Wodan Timbur Coaster GCI
90%
Eejanaika S&S
90%
Big Air Vekoma
83%
Big One Arrow Dynamics
80%
Shivering Timbers CCI
80%
Voyage Gravity Group
80%
Steel Dragon 2000 Morgan
80%
Montezoomas Revenge Schwarzkopf
77%
Hollywood Rip Ride Rockit Maurer
73%
Schwur Des Karnan Gerstlauer
70%
Titan Giovanola
70%
Son of Beast RCCA
70%
Lightning Run Chance
67%
Mean Streak Dinn
67%
Beyond The Cloud Mack
67%
Speed The Ride Premier
63%
Screamin Eagle PTC
53%
No matching quizzes found
Score Distribution
Percent of People with Each Score
Percentile by Number Answered
Your Score History
You have not taken this quiz